000 00579nmm a2200169Ia 4500
008 251105s9999||||xx |||||||||||||||||und||
020 _a9788499800790
041 _aspa
100 _aCaamaño, Aureli (coord.)
245 0 _aFísica y química : complementos de formación disciplinar
264 _a[Madrid, España] :
_bMinisterio de Educación, Cultura y Deporte de España,
_c2011
300 _a214 páginas
490 _aFormación del profesorado. Educación secundaria
650 _aEducation
856 _uhttps://public.digitaliapublishing.com/a/30211
942 _cCF
999 _c93235
_d93235